书目信息 |
| 题名: |
结构智能选型
|
|
| 作者: | 王光远 , 吕大刚 著 | |
| 分册: | ||
| 出版信息: | 北京 中国建筑工业出版社 2005.12 |
|
| 页数: | 464页 | |
| 开本: | 26cm | |
| 丛书名: | ||
| 单 册: | ||
| 中图分类: | TU318 | |
| 科图分类: | ||
| 主题词: | 建筑结构--jian zhu jie gou--结构设计 | |
| 电子资源: | ||
| ISBN: | 7-112-07942-X | |
| 000 | 01104nam0 2200253 450 | |
| 001 | 012006684614 | |
| 005 | 20191107084119.87 | |
| 010 | @a7-112-07942-X@dCNY68.00 | |
| 100 | @a20060730d2005 km y0chiy0120 ea | |
| 101 | 0 | @achi |
| 102 | @aCN@b110000 | |
| 105 | @aa z 000yy | |
| 200 | 1 | @a结构智能选型@Ajie gou zhi neng xuan xing@e理论, 方法与应用@d= Intelligent form selection of structures@eTheory, methods and applications@f王光远, 吕大刚等著@Fwang guang yuan,lu da gang deng zhu@zeng |
| 210 | @a北京@c中国建筑工业出版社@d2005.12 | |
| 215 | @a464页@c图@d26cm | |
| 330 | @a本书主要讲述了建筑结构智能选型的基本理论框架,结构智能选型的理论基础,结构智能选型知识处理技术,结构智能选型的的软件体系形式,结构智能选型的工程应用系统。 | |
| 510 | 1 | @aIntelligent form selection of structures@eTheory, methods and applications@zeng |
| 517 | 1 | @a理论, 方法与应用@Ali lun,fang fa yu ying yong |
| 606 | 0 | @a建筑结构@Ajian zhu jie gou@x结构设计 |
| 690 | @aTU318@v4 | |
| 701 | 0 | @a王光远@Awang guang yuan@4著 |
| 701 | 0 | @a吕大刚@Alu da gang@4著 |
| 801 | 0 | @aCN@c20060926 |
| 905 | @a10447@dTU318@eW198 | |
| 结构智能选型:理论, 方法与应用= Intelligent form selection of structures:Theory, methods and applications/王光远, 吕大刚等著.-北京:中国建筑工业出版社,2005.12 |
| 464页:图;26cm |
| ISBN 7-112-07942-X:CNY68.00 |
| 本书主要讲述了建筑结构智能选型的基本理论框架,结构智能选型的理论基础,结构智能选型知识处理技术,结构智能选型的的软件体系形式,结构智能选型的工程应用系统。 |
| ● |
| 相关链接 |
|
|
|
正题名:结构智能选型
索取号:TU318/W198
 
预约/预借
| 序号 | 登录号 | 条形码 | 馆藏地/架位号 | 状态 | 备注 |
| 1 | 1307319 | 213073190 | 建筑库101/101建筑库 80排2列3层/ [索取号:TU318/W198] | 在馆 | |
| 2 | 1307320 | 213073207 | 建筑库101/101建筑库 80排2列3层/ [索取号:TU318/W198] | 在馆 | |
| 3 | 1307321 | 213073216 | 建筑库101/101建筑库 80排2列3层/ [索取号:TU318/W198] | 在馆 | |
| 4 | 1307322 | 213073225 | 建筑库101/101建筑库 80排2列3层/ [索取号:TU318/W198] | 在馆 | |
| 5 | 1307323 | 213073234 | 建筑库101/101建筑库 80排2列3层/ [索取号:TU318/W198] | 在馆 | |
| 6 | 598434 | 205984345 | 建筑库101/101建筑库 80排2列3层/ [索取号:TU318/W198] | 在馆 | |
| 7 | 598435 | 205984354 | 建筑库101/101建筑库 80排2列3层/ [索取号:TU318/W198] | 在馆 | |
| 8 | 598436 | 205984363 | 建筑库101/101建筑库 80排2列3层/ [索取号:TU318/W198] | 在馆 |